| 000 | 005510000a22001810004500 | ||
|---|---|---|---|
| 003 | MACL | ||
| 005 | 20160421140050.0 | ||
| 008 | 160421b xxu||||| |||| 00| 0 eng d | ||
| 040 |
_aMACL _cMACL |
||
| 041 | _aHindi | ||
| 082 | _a796 | ||
| 100 |
_aउमेश भारदाज _919683 |
||
| 245 | _aजाने माने खेलों के नियम | ||
| 260 |
_bसर्म्पक प्रकाशन _c2006 _aइलाहाबाद |
||
| 350 | _a175 | ||
| 650 |
_aOutdoor Sports & Games _953134 |
||
| 942 |
_cHIN _k796 _2ddc |
||
| 999 |
_c22061 _d22061 |
||